000 00612nam a2200133 a 4500
008 120416s1965 ||||||||||||||||| || u
050 _aHF 5548.8 Sch
100 _aSchein, Edgar H
245 1 0 _aOrganizational psychology
260 _aEnglewood Cliffs
_bN.J., Prentice-Hall
_c1965
350 _a0.00
995 _D0.00
_FCBU-MAIN LIBRARY (Kitwe)
_H1
_I0.00
_M1
_UAVAILABLE
_ZMain Library Open Access Collection
995 _D0.00
_FCBU-MAIN LIBRARY (Kitwe)
_H2
_I0.00
_M2
_UDAMAGED
_ZMain Library Open Access Collection
999 _c81684
_d81684